000
00298nam a2200121Ia 4500
008
220216s9999 xx 000 0 und d
100
_a
Lever A E
245
0
_a
Properties and applications of ebonite
260
_b
Rubber Developments
_c
1955
300
_a
120-125
650
_a
Ebonite
942
_c
JS
999
_c
65962
_d
65962